| 000 | 00379nam a22001337a 4500 | ||
|---|---|---|---|
| 005 | 20250214122035.0 | ||
| 008 | 250214b |||||||| |||| 00| 0 eng d | ||
| 022 | _a0971-5916 | ||
| 245 |
_aTHE INDIAN JOURNAL OF MEDICAL RESEARCH _bVOL-159, NO-1, [ JAN-2024] |
||
| 250 | _aVOL- 159, NUMBER-1 [JANUARY-2024] | ||
| 260 |
_aNEW DELHI _bICMR _c2024 |
||
| 300 | _a1 -116;P | ||
| 942 | _cJRL | ||
| 999 |
_c8727 _d8725 |
||